000
00318nam a2200133Ia 4500
005
20251222142003.0
008
251222s9999||||xx |||||||||||||| ||spa||
020
_a
958-41-0295-8
082
_a
336.02/M12
100
_a
Macón, Jorge
245
0
_a
Economía del Sector Público
264
_b
McGraw-Hill
942
_c
LIB
999
_c
10072
_d
10072